Ngụ ngôn cổ điển phương tây
محفوظ في:
| التنسيق: | كتاب |
|---|---|
| اللغة: | Undetermined |
| منشور في: |
H.
Văn Học
2001
|
| الموضوعات: | |
| الوسوم: |
إضافة وسم
لا توجد وسوم, كن أول من يضع وسما على هذه التسجيلة!
|
| Thư viện lưu trữ: | Trung tâm Học liệu Trường Đại học Cần Thơ |
|---|
| LEADER | 00490nam a2200181Ia 4500 | ||
|---|---|---|---|
| 001 | CTU_56789 | ||
| 008 | 210402s9999 xx 000 0 und d | ||
| 020 | |b 23000 | ||
| 082 | |a 808.83083 | ||
| 082 | |b Ng500 | ||
| 245 | 0 | |a Ngụ ngôn cổ điển phương tây | |
| 245 | 0 | |c Phạm Hữu Tuấn biên dịch | |
| 260 | |a H. | ||
| 260 | |b Văn Học | ||
| 260 | |c 2001 | ||
| 650 | |a fables | ||
| 650 | |x collections | ||
| 980 | |a Trung tâm Học liệu Trường Đại học Cần Thơ | ||